000 00534nam a22001817a 4500
999 _c524970
_d524970
003 NUST
038 _aFaiza
082 _a891.4394
_bWAS
100 _aWasif, Wasif Ali
_915769
245 _aDil Darya Samandar /
_cWasif Ali Wasif
260 _aLahore :
_bKashif Publications,
_c1998.
300 _a248 p. ;
500 _aHardcover.
880 _6100-01\r
_aواصف علی واصف
880 _6245-02\r
_aدل دریا سمندر /
880 _6260-03\r
_aلاہور :
_bکاشف پبلیکیشنز,
_c۱۹۹۸.
942 _2ddc
_cBK